000 00395pab a2200145 454500
008 180718b2017 xxu||||| |||| 00| 0 eng d
100 _aSingh, Manikant
245 _aSankalp Se Sidhhi: attainment through resolve: 1942 and 2017: an analogy
260 _c2017
300 _ap.50-52.
362 _aSep
650 _aEconomic and social development
773 _aKurukshetra
909 _a115968
999 _c115962
_d115962